000 00515nam a2200169 4500
008 151127b xxu||||| |||| 00| 0 eng d
020 _a9789712365256
082 _aDFil 657
_bA1411
100 _9631
_aAliling, Leonardo E.
245 _aFundamentals of basic accounting/
_cLeonardo E. Aliling
260 _aSampaloc, Manila:
_bRex Book Store, Inc.,
_cc2013
300 _axii, 184 pages;
_c25 cm.
500 _aIncludes references andindex
650 0 _9634
_aAccounting
365 _b331.00
_cPhp
942 _2ddc
_cDFIL
999 _c281
_d281